<?xml version="1.0" encoding="UTF-8"?>
<record
    xmlns:xsi="http://www.w3.org/2001/XMLSchema-instance"
    xsi:schemaLocation="http://www.loc.gov/MARC21/slim http://www.loc.gov/standards/marcxml/schema/MARC21slim.xsd"
    xmlns="http://www.loc.gov/MARC21/slim">

  <leader>00798nam a22001697a 4500</leader>
  <datafield tag="010" ind1=" " ind2=" ">
    <subfield code="a">HN1502 HIN-127745</subfield>
  </datafield>
  <datafield tag="020" ind1=" " ind2=" ">
    <subfield code="a">9789384722562</subfield>
    <subfield code="c">100.00</subfield>
  </datafield>
  <datafield tag="035" ind1=" " ind2=" ">
    <subfield code="a">HN-100091</subfield>
  </datafield>
  <datafield tag="037" ind1=" " ind2=" ">
    <subfield code="b">&#x938;&#x92E;&#x940;&#x915;&#x94D;&#x937;&#x93E; &#x92A;&#x94D;&#x930;&#x915;&#x93E;&#x936;&#x928;</subfield>
  </datafield>
  <datafield tag="082" ind1=" " ind2=" ">
    <subfield code="a">&#x909;</subfield>
  </datafield>
  <datafield tag="100" ind1=" " ind2=" ">
    <subfield code="a">'&#x930;&#x941;&#x926;&#x94D;&#x930;&#x93E;&#x915;&#x94D;&#x937;',  &#x92C;&#x94D;&#x930;&#x91C;&#x928;&#x928;&#x94D;&#x926;&#x928; &#x938;&#x93F;&#x902;&#x939;</subfield>
    <subfield code="9">67023</subfield>
  </datafield>
  <datafield tag="245" ind1=" " ind2=" ">
    <subfield code="a">&#x92E;&#x932;&#x902;&#x917; &#x915;&#x940; &#x91B;&#x93E;&#x92F;&#x93E; &#x92E;&#x947;&#x902;/</subfield>
    <subfield code="c">&#x92C;&#x94D;&#x930;&#x91C;&#x928;&#x928;&#x94D;&#x926;&#x928;  &#x938;&#x93F;&#x902;&#x939; '&#x930;&#x941;&#x926;&#x94D;&#x930;&#x93E;&#x915;&#x94D;&#x937;'</subfield>
  </datafield>
  <datafield tag="260" ind1=" " ind2=" ">
    <subfield code="a">&#x926;&#x93F;&#x932;&#x94D;&#x932;&#x940;</subfield>
    <subfield code="b">&#x938;&#x92E;&#x940;&#x915;&#x94D;&#x937;&#x93E; &#x92A;&#x94D;&#x930;&#x915;&#x93E;&#x936;&#x928;</subfield>
    <subfield code="c">2015</subfield>
  </datafield>
  <datafield tag="270" ind1=" " ind2=" ">
    <subfield code="a">&#x906;&#x930;-27,&#x930;&#x940;&#x924;&#x93E; &#x92C;&#x94D;&#x932;&#x949;&#x915; &#x935;&#x93F;&#x915;&#x93E;&#x938; &#x92E;&#x93E;&#x930;&#x94D;&#x917;,&#x936;&#x915;&#x930;&#x92A;&#x941;&#x930;,</subfield>
    <subfield code="b">&#x926;&#x93F;&#x932;&#x94D;&#x932;&#x940;</subfield>
    <subfield code="e">110092</subfield>
  </datafield>
  <datafield tag="300" ind1=" " ind2=" ">
    <subfield code="a">87&#x92A;&#x943;.</subfield>
    <subfield code="c">22&#x938;&#x947;&#x92E;&#x940;(&#x938;&#x91C;&#x93F;&#x932;&#x94D;&#x926;)</subfield>
  </datafield>
  <datafield tag="942" ind1=" " ind2=" ">
    <subfield code="2">ddc</subfield>
    <subfield code="c">HN</subfield>
    <subfield code="h">&#x909;</subfield>
    <subfield code="m">&#x92C;&#x94D;&#x930;&#x91C;&#x928;</subfield>
  </datafield>
  <datafield tag="999" ind1=" " ind2=" ">
    <subfield code="c">163569</subfield>
    <subfield code="d">163569</subfield>
  </datafield>
  <datafield tag="952" ind1=" " ind2=" ">
    <subfield code="0">0</subfield>
    <subfield code="1">0</subfield>
    <subfield code="4">0</subfield>
    <subfield code="7">0</subfield>
    <subfield code="8">FIC</subfield>
    <subfield code="a">AV</subfield>
    <subfield code="b">AV</subfield>
    <subfield code="d">2024-05-29</subfield>
    <subfield code="e">DBAD</subfield>
    <subfield code="g">100.00</subfield>
    <subfield code="l">0</subfield>
    <subfield code="o">&#x909; &#x92C;&#x94D;&#x930;&#x91C;&#x928;</subfield>
    <subfield code="p">HN-100091</subfield>
    <subfield code="r">2024-05-29 00:00:00</subfield>
    <subfield code="t">1</subfield>
    <subfield code="v">100.00</subfield>
    <subfield code="w">2024-05-29</subfield>
    <subfield code="y">HN</subfield>
  </datafield>
</record>
